| 000 | 00571nam a2200205Ia 4500 | ||
|---|---|---|---|
| 005 | 20250522104332.0 | ||
| 008 | 008 250516s9999 xx 000 0 eng d | ||
| 020 | _a9781470425821 | ||
| 040 |
_aSDCL _beng _cSDCL |
||
| 041 |
_aeng _2eng |
||
| 084 |
_aB245, Q6;1 _qSDCL |
||
| 100 |
_aTao, Terence _9420313 |
||
| 245 | 0 | _aTopics in random matrix theory | |
| 260 |
_aNew Delhi: _bAmerican Mathematical Society, _c2016. |
||
| 300 | _ax,282p. | ||
| 365 |
_aINR _b0 |
||
| 490 | _aGraduate studies in mathematics Volume 132 | ||
| 650 | _aMathematics | ||
| 942 | _cTEXL | ||
| 999 |
_c1429980 _d1429980 |
||